Principals of computer-aided design (Record no. 544764)
[ view plain ]
| 000 -LEADER | |
|---|---|
| fixed length control field | 00445nam a22001577a 4500 |
| 020 ## - INTERNATIONAL STANDARD BOOK NUMBER | |
| International Standard Book Number | 0 273 02672 0 |
| 082 ## - DEWEY DECIMAL CLASSIFICATION NUMBER | |
| Classification number | 620.00450285 |
| Author Mark | PRI |
| 100 ## - MAIN ENTRY--PERSONAL NAME | |
| Personal name | Ronney, Joe |
| 9 (RLIN) | 40493 |
| 245 ## - TITLE STATEMENT | |
| Title | Principals of computer-aided design |
| Statement of responsibility, etc. | Joe Ronney and Philip Steadman |
| 260 ## - PUBLICATION, DISTRIBUTION, ETC. | |
| Place of publication, distribution, etc. | London |
| Name of publisher, distributor, etc. | Pitman Publishing |
| Date of publication, distribution, etc. | 1987 |
| 300 ## - PHYSICAL DESCRIPTION | |
| Extent | x, 341.p |
| 526 ## - STUDY PROGRAM INFORMATION NOTE | |
| Program name | 0 |
| Interest level | 0 |
| Reading level | 0 |
| Title point value | 620_004502850000000_PRI |
| 650 ## - SUBJECT ADDED ENTRY--TOPICAL TERM | |
| Topical term or geographic name entry element | MCE |
| 9 (RLIN) | 379 |
| 700 ## - ADDED ENTRY--PERSONAL NAME | |
| Personal name | Joe Ronney |
| 9 (RLIN) | 40494 |
| 942 ## - ADDED ENTRY ELEMENTS (KOHA) | |
| Source of classification or shelving scheme | |
| Koha item type | Book |
| Withdrawn status | Lost status | Source of classification or shelving scheme | Damaged status | Not for loan | Permanent Location | Current Location | Date acquired | Total Checkouts | Full call number | Barcode | Date last seen | Price effective from | Koha item type |
|---|---|---|---|---|---|---|---|---|---|---|---|---|---|
| Military College of Engineering (MCE) | Military College of Engineering (MCE) | 05/12/2014 | 620.00450285 PRI | MCE-24331 | 05/12/2014 | 05/12/2014 | Book |
